01122nam a2200337 i 4500001001000000003000900010005001700019007000300036008004100039040003000080049000900110082002500119100005100144245006200195250001200257264003500269300003400304336002700338337003300365338002800398490003400426500003200460590002600492650002700518650003100545650003000576910000700606942001400613952014000627999001700767000020149DO-SdBNP20231010085813.0ta100723s1970 sp 000 f spa d aDO-SdBNPbspacBNPHUerda aBNGR 4a863.3bQ5h, 19702221 aQuevedo, Francisco de,d1580-164596261eautor10aHistoria de la vida del buscón /cFrancisco de Quevedo. a11a ed. aMadrid :bEspasa-calpe,c1970. a148, [16] páginas ;c18 cm. 2rdacontentatextobtxt 2rdamediaasin mediaciónbn 2rdacarrieravolumenbnc aAustral. Cris: clásicosv24 aIncluye índice de autores aInventariado, 2023/BT 4aNovela españa942738 4aLiteratura española9632 4aSátira española94899 aWM 2ddccLBS1 00102ddc56708GRaBNPHUbBNPHUcHDd2010-07-23l0oBNPHU 863.3 Q5h, 1970p20149-10r2020-06-25w2020-06-25yLBS1ZPréstamo en sala c19656d19656